| 000 | 00735ntm a22002177a 4500 | ||
|---|---|---|---|
| 005 | 20170809113446.0 | ||
| 008 | 170802s2006 xx a frb 000 0 eng d | ||
| 040 |
_aEG-ScBUE _beng _cEG-ScBUE |
||
| 082 | 0 | 4 |
_222 _a320 _bKHA |
| 100 | 1 | _aKhalil, Aliaa Abdalla. | |
| 245 | 1 | 0 |
_aJapan : a future nuclear power ? a tentative conclusion / _cby Aliaa Abdalla Khalil. |
| 260 | _c2006. | ||
| 300 |
_a147 p. : _c28 cm. |
||
| 500 | _aA thesis submitted in partial fulfillment of the requirement for the degree of master of arts in political science | ||
| 590 | _aNOURA TARK KAMAL. | ||
| 650 | 7 |
_2BUEsh _aPolitical science. _vProjects |
|
| 653 |
_bBUSBOL _cAugust2017 |
||
| 655 | _vSPRO | ||
| 700 | 1 |
_aGhatit, Sherine, _eths |
|
| 942 | _2ddc | ||
| 999 |
_c25208 _d25180 |
||